Strategic performance management system and corporate sustainability concept - specific parameters in Slovak enterprises

Charakteristika systému merania výkonnosti. Trvalá udržateľnosť podniku ako podniková koncepcia a jej evolúcia. Analýza vplyvu špecifických faktorov, ako napríklad právna forma, veľkosť, umiestnenie či kapitálová štruktúra, na strategické riadenie výkonnosti a trvalú udržateľnosť podniku v podnikoch...

ver descrição completa

Na minha lista:
Detalhes bibliográficos
Autor principal: Rajnoha, Rastislav
Outros Autores: Lesníková, Petra
Formato: Capítulo de Livro
Idioma:inglês
Assuntos:
Tags: Adicionar Tag
Sem tags, seja o primeiro a adicionar uma tag!

MARC

LEADER 00000nla a2200000 4500
001 0234759
005 20240417075123.6
041 0 |a eng 
044 |a CZ 
245 1 0 |a Strategic performance management system and corporate sustainability concept - specific parameters in Slovak enterprises  |c Rastislav Rajnoha, Petra Lesníková 
520 |a Charakteristika systému merania výkonnosti. Trvalá udržateľnosť podniku ako podniková koncepcia a jej evolúcia. Analýza vplyvu špecifických faktorov, ako napríklad právna forma, veľkosť, umiestnenie či kapitálová štruktúra, na strategické riadenie výkonnosti a trvalú udržateľnosť podniku v podnikoch na Slovensku. 
610 2 0 |a podnik 
610 2 0 |a výkonnosť 
610 2 0 |a výkonnosť podniku 
610 2 0 |a meranie výkonnosti 
610 2 0 |a riadenie strategické 
610 2 0 |a manažment strategický 
610 2 0 |a ukazovatele výkonnosti 
610 2 0 |a stratégia podniková 
610 2 0 |a kultúra podniková 
610 2 0 |a Slovensko 
100 1 |a Rajnoha, Rastislav 
700 1 |a Lesníková, Petra